000
00326nam a2200133Ia 4500
100
_a
Gottfried/Byron S
942
_c
BK
654
_a
Programming & Basic
245
_a
Theory & Problem Of Programming With Pascal
260
_b
McGraw Hill.( Schaum''s)
_a
New York
_c
1986
082
_a
1.6
300
_a
407
546
_a
ENGLISH
999
_c
17831
_d
17831